000 00656nam a2200217Ii 4500
003 JO-AjNU
008 230606s9999||||xx |||||||||||||| ||und||
020 _a0-415-23496-4 , 978-0-415-23496-2
040 _aJO-AjNU
_beng
_erda
_cJO-AjNU
041 _aeng
050 1 4 _aPQ2603.L3343.Z673 2001
100 3 _aWilliam,Larg , Ullrich Haase ,
_eauthor
_968
245 0 0 _aMAURICE BLANCHOT
250 _a1 ed
264 3 1 _aNew York:Routledge ,2001
300 _a147P
336 _atext
_btxt
_2rdacontent
337 _aunmediated
_bn
_2rdamedia
338 _avolume
_bnc
_2rdacarrier
650 4 _aBlanchot - Maurice - Philosophy - Criticism and Interpretation
_969
999 _aE38
_c38
_d38